| 000 | 00472nam a22001577a 4500 | ||
|---|---|---|---|
| 999 |
_c4640 _d4640 |
||
| 008 | 200817b ||||| |||| 00| 0 eng d | ||
| 041 | 0 | _aeng | |
| 082 | 0 | 0 |
_a639.2 _bM712 |
| 110 |
_91726 _aMinistry of information and Broad Casting, India. |
||
| 245 | 1 | 0 |
_aFisheries / _cby Ministry of information and Broad Casting, India. |
| 260 |
_aDelhi : _bMinistry of information and Broad Casting, _c1957. |
||
| 300 | _a20 p. | ||
| 365 | _d0.25 | ||
| 650 | 0 | _aFisheries | |
| 942 | _cBK | ||